00490cam a2200145 i 4500020002500000040000900025082002600034100002900060245010700089300005900196500003500255650001600290650002000306650001800326 a9780896298590 (pbk.) cDNAL00a338 IFP 2015 C144 Or.i aDíaz-Bonilla, Eugenio,10aMacroeconomics, agriculture, and food security :ba guide to policy analysis in developing countries / axxix, 611 pages :billustrations (some color) ;c23 cm a"A peer-reviewed publication." 0aAgriculture 0aMacroeconomics. 0aFood security